[Event "AUT-chT Rapid"]
[Site "Pasching"]
[Date "2025.06.01"]
[Round "6.10"]
[White "Lagno, Kateryna"]
[Black "Peyrer, Konstantin"]
[Result "1/2-1/2"]
[WhiteElo "2516"]
[BlackElo "2480"]
[PlyCount "100"]
[EventDate "2025.06.01"]
[EventType "team-swiss (rapid)"]
[EventRounds "9"]
[EventCountry "AUT"]
[SourceTitle "CB23_2025"]
[SourceDate "2025.06.04"]
[SourceVersion "1"]
[SourceVersionDate "2025.06.04"]
[SourceQuality "1"]
[WhiteTeam "Linz Victoria"]
[BlackTeam "SpaceBar Crushers"]
[WhiteTeamCountry "AUT"]
[BlackTeamCountry "AUT"]

1. e4 e5 2. Nf3 Nc6 3. Bb5 a6 4. Ba4 Nf6 5. 0-0 d6 6. Bxc6+ bxc6 7. Re1 Bg4 8. h3 Bh5 9. c3 Nd7 10. d4 Be7 11. Nbd2 0-0 12. Nf1 c5 13. dxe5 Nxe5 14. g4 Bg6 15. Nxe5 dxe5 16. Qf3 f6 17. Ng3 Re8 18. Be3 Qc8 19. c4 Qe6 20. b3 a5 21. Rad1 a4 22. Rd3 axb3 23. axb3 Reb8 24. Red1 Be8 25. Nf5 Bf8 26. Qe2 Ra3 27. Qb2 Raa8 28. Qc2 g6 29. Ng3 Bd6 30. f3 Ra6 31. Ne2 f5 32. Nc3 fxg4 33. fxg4 Bc6 34. Nd5 Rf8 35. Bh6 Rf7 36. Qe2 g5 37. Bxg5 Ra8 38. Rf1 Bxd5 39. cxd5 Rxf1+ 40. Qxf1 Qg6 41. Qf5 Qxf5 42. gxf5 Ra3 43. Rg3 Kf7 44. Kg2 Ra2+ 45. Kf3 h5 46. Bh6 Rb2 47. Rg7+ Kf6 48. Rg6+ Kf7 49. Rg7+ Kf6 50. Rg6+ Kf7 1/2-1/2

[Event "AUT-chT Blitz"]
[Site "Pasching"]
[Date "2025.05.31"]
[Round "8.9"]
[White "Kadric, Denis"]
[Black "Lagno, Kateryna"]
[Result "1-0"]
[WhiteElo "2536"]
[BlackElo "2516"]
[PlyCount "99"]
[EventDate "2025.05.31"]
[EventType "team-swiss (blitz)"]
[EventRounds "13"]
[EventCountry "AUT"]
[SourceTitle "CB23_2025"]
[SourceDate "2025.06.04"]
[SourceVersion "1"]
[SourceVersionDate "2025.06.04"]
[SourceQuality "1"]
[WhiteTeam "Pinggau Friedberg"]
[BlackTeam "Linz Victoria"]
[WhiteTeamCountry "AUT"]
[BlackTeamCountry "AUT"]

1. e4 e5 2. Nf3 Nc6 3. Bc4 Bc5 4. 0-0 Nf6 5. d3 a6 6. c3 d6 7. Bb3 Ba7 8. Nbd2 0-0 9. h3 h6 10. Re1 Re8 11. Nf1 Be6 12. Ba4 Bd7 13. Ng3 Ne7 14. Bc2 Ng6 15. d4 Bc6 16. Be3 exd4 17. Bxd4 Bxd4 18. cxd4 Nh7 19. Qd2 Nh4 20. Nxh4 Qxh4 21. Nf5 Qf6 22. f4 Rad8 23. Ng3 Qe7 24. Qf2 Bd7 25. e5 dxe5 26. dxe5 Bc8 27. Nh5 g6 28. Ng3 Qb4 29. Bb3 Qd4 30. Re3 Qd2 31. Re2 Qd4 32. Rc1 c6 33. Ne4 Qxf2+ 34. Kxf2 Be6 35. Nd6 Re7 36. Bxe6 fxe6 37. Rd2 Red7 38. Rcd1 Nf8 39. Ke3 Kg7 40. Nxb7 Rxd2 41. Rxd2 Rxd2 42. Kxd2 g5 43. fxg5 Nd7 44. gxh6+ Kxh6 45. Nd8 Nxe5 46. Nxe6 Kg6 47. Kc3 Kf5 48. Nc5 a5 49. g4+ Kf4 50. Nd3+ 1-0

[Event "PlusCity Grand Prix Blitz"]
[Site "Pasching"]
[Date "2025.05.29"]
[Round "11"]
[White "Lagno, Kateryna"]
[Black "Movsesian, Sergei"]
[Result "1-0"]
[WhiteElo "2516"]
[BlackElo "2598"]
[PlyCount "67"]
[EventDate "2025.05.29"]
[EventType "swiss (blitz)"]
[EventRounds "13"]
[EventCountry "AUT"]
[SourceTitle "CB23_2025"]
[SourceDate "2025.06.04"]
[SourceVersion "1"]
[SourceVersionDate "2025.06.04"]
[SourceQuality "1"]

1. e4 Nf6 2. e5 Nd5 3. d4 d6 4. Nf3 dxe5 5. Nxe5 c6 6. h3 Bf5 7. g4 Be6 8. f4 g6 9. Bg2 Nd7 10. Nf3 Qc7 11. Qd2 f6 12. c4 N5b6 13. b3 h5 14. Qc2 Bf7 15. Nc3 hxg4 16. hxg4 Rxh1+ 17. Bxh1 0-0-0 18. Be3 e5 19. fxe5 fxe5 20. d5 e4 21. Ng5 Bg8 22. 0-0-0 cxd5 23. Nb5 Qe5 24. cxd5+ Kb8 25. Kb1 Bg7 26. Bd4 Qxg5 27. Bxg7 a6 28. Qh2+ Ka8 29. Nc7+ Ka7 30. Ne6 Qxg4 31. Rg1 Qf5 32. Nxd8 Bxd5 33. Qc2 Qh3 34. Bd4 1-0

[Event "Asia-ch (Women) Blitz"]
[Site "Al Ain"]
[Date "2025.05.10"]
[Round "4"]
[White "Gong, Qianyun"]
[Black "Lagno, Kateryna"]
[Result "1-0"]
[WhiteElo "2265"]
[BlackElo "2516"]
[PlyCount "83"]
[EventDate "2025.05.10"]
[EventType "swiss (blitz)"]
[EventRounds "9"]
[EventCountry "UAE"]
[SourceTitle "CB20_2025"]
[SourceDate "2025.05.14"]
[SourceVersion "1"]
[SourceVersionDate "2025.05.14"]
[SourceQuality "1"]

1. e4 e5 2. Nf3 Nc6 3. Bc4 Bc5 4. d3 Nf6 5. Bg5 h6 6. Bh4 Be7 7. Nc3 0-0 8. Bxf6 Bxf6 9. a4 g6 10. h4 h5 11. Nd5 Bg7 12. a5 a6 13. c3 d6 14. Ng5 Ne7 15. Ne3 c6 16. Qb3 d5 17. exd5 cxd5 18. Nxd5 Nxd5 19. Bxd5 Qe7 20. 0-0 Bf6 21. Nf3 Rb8 22. Rfe1 Bg4 23. d4 Bxf3 24. Bxf3 Qc7 25. dxe5 Bxe5 26. Rad1 Rfe8 27. Qd5 Re7 28. g3 Rbe8 29. Kg2 Kg7 30. Re4 Bf6 31. Rc4 Qb8 32. Rb4 Re5 33. Qxb7 Qxb7 34. Rxb7 Rxa5 35. Rdd7 Rf8 36. Bd5 Kh6 37. Bxf7 g5 38. hxg5+ Bxg5 39. Bd5 Bc1 40. f4 Kg6 41. Be4+ Kf6 42. Rb6# 1-0

[Event "Monaco FIDE GP (Women)"]
[Site "Monaco"]
[Date "2025.02.24"]
[Round "6"]
[White "Lagno, Kateryna"]
[Black "Kosteniuk, Alexandra"]
[Result "1/2-1/2"]
[WhiteElo "2515"]
[BlackElo "2484"]
[PlyCount "56"]
[EventDate "2025.02.18"]
[EventType "tourn"]
[EventRounds "9"]
[EventCountry "MNC"]
[EventCategory "10"]
[SourceTitle "CB10_2025"]
[SourceDate "2025.03.05"]
[SourceVersion "1"]
[SourceVersionDate "2025.03.05"]
[SourceQuality "1"]

1. e4 e5 2. Nf3 Nc6 3. Nc3 Nf6 4. d4 exd4 5. Nxd4 Bb4 6. Nxc6 bxc6 7. Bd3 0-0 8. 0-0 d5 9. exd5 cxd5 10. h3 Be6 11. Qf3 c5 12. Rd1 Qe7 13. Bg5 h6 14. Nxd5 Bxd5 15. Bxf6 Bxf3 16. Bxe7 Bxd1 17. Bxf8 Bxc2 18. Bxc5 Bxc5 19. Bxc2 Rd8 20. Re1 Kf8 21. Re2 Re8 22. Rd2 Bb4 23. Rd7 Re1+ 24. Kh2 Re7 25. Rd8+ Re8 26. Rd7 Re7 27. Rd8+ Re8 28. Rd7 Re7 1/2-1/2